000 00522nam a22002057a 4500
003 NLp
005 20140310182812.0
008 130222t xxu||||| |||| 00| 0 eng d
020 _a9718558438
050 _aBF 181
_b.L734 2002
100 _aLimpingco, Delia
245 _aExperimental psychology /
_cDelia Limpingco, Geraldine E. Tria
260 _aQuezon City ;
_bKen,
_c2002.
300 _a150 p. :
_c28 cm.
_bill. ;
521 _aEDU
562 _e2
942 _2lcc
_cBK
_kLOC
999 _c16195
_d16195